Statistics for Oscar Best Picture Winner with a Name in the Title

Click here to take the quiz!

General Stats

  • This quiz has been taken 98 times
  • The average score is 15 of 22

Answer Stats

YearClueAnswer% Correct
1995Tom HanksForrest Gump
96%
1977Sylvester StalloneRocky
93%
1983Ben KingsleyGandhi
91%
1963Peter O'TooleLawrence of Arabia
85%
1999Gwyneth PaltrowShakespeare in Love
84%
1990Jessica TandyDriving Miss Daisy
80%
1960Charlton HestonBen-Hur
79%
1994Liam NeesonSchindler's List
79%
1971George C ScottPatton
77%
1978Diane KeatonAnnie Hall
75%
1980Meryl StreepKramer v Kramer
75%
1985F Murray AbrahamAmadeus
74%
1969Charles DickensOliver!
74%
1949Sir Laurence OlivierHamlet
64%
1951Bette DavisAll About Eve
63%
1956Ernest BorgnineMarty
59%
1941Alfred HitchcockRebecca
48%
1964Albert FinneyTom Jones
47%
1943Greer GarsonMrs. Miniver
46%
1959GilberteGigi
33%
1938Paul MuniThe Life of Emile Zola
30%
1937William PowellThe Great Ziegfeld
27%

Score Distribution

Percentile by Number Answered

Percent of People with Each Score

Your Score History

You have not taken this quiz